000 00293nam a2200109Ia 4500
008 200302s9999 xx 000 0 und d
100 _aDinesh N. Awasthi
245 _aRegional Patterns of Industrial Growth in India
260 _bConcept Publishing Co. Ltd.
260 _c1991
300 _a219 P.,
999 _c5550
_d5550